| 000 | 00873nam a2200253 i 4500 | ||
|---|---|---|---|
| 001 | 180259 | ||
| 003 | ES-MaACL | ||
| 005 | 20230906221036.0 | ||
| 008 | 120521s2010 sp ao |||| | spa d | ||
| 020 | _a978-84-613-9493-7 | ||
| 080 | _a77 Oñoro, José Manuel | ||
| 100 | 1 |
_aOñoro, José Manuel. _9150063 |
|
| 245 | 1 | 0 |
_aSeptiembre rumano / _cfotografías de José Manuel Oñoro. |
| 250 | _a1ª ed. | ||
| 260 |
_a[Hoyo de Manzanares, Madrid] : _bJ.M. Oñoro, _c2010 ( _fMartosa, soluciones gráf.) |
||
| 300 |
_a34 p. : _bprincipalmente il. col., fot. ; _c14 x 14 cm. |
||
| 490 | 1 | _aRumanía, noticias del mundo | |
| 500 | _aÍndice de fotografías. | ||
| 600 | 1 | 4 |
_aOñoro, José Manuel. _9150063 |
| 651 | 4 |
_aRumanía- _vObras ilustradas. _9174079 |
|
| 830 | 1 |
_aRumanía, noticias del mundo _9224621 |
|
| 852 | 4 |
_aES-MaACL _j2297-F-52 |
|
| 999 |
_c180259 _d180259 |
||